000 00629nam a22001937a 4500
005 20150106170927.0
010 _aENG-111508
020 _a9788174878731
_c295.00
020 _a8174878734
_c295.00
035 _aEN-95040
037 _bDBAD/PUB
082 _a364.36
100 _aMadhuker S.
245 _aJuvenile delinquency :
_cby Madhuker S.
_bhits & misses of cut-off age prescription for male juvenile delinquent /
260 _aNew Delhi
_bRadha Publications
_c2013
270 _a4231/1,Ansari Road,Daryaganj
_bNew Delhi
_e110002
300 _a110p. :
_bill.
_c22cm(Hb)
942 _2ddc
_cEN
_mMAD
_h364.36
999 _c90567
_d90567